Click the American Country on a Borderless Map - Sudden Death - Statistics

General Stats
  • This quiz has been taken 1,562 times
  • The average score is 17 of 35
Answers on the Map
Answers color-coded by a green-red scale on the quiz's map according to % correct below.
 
Answer Stats
Answer % Correct
United States
64%
Mexico
63%
Argentina
61%
Canada
61%
Chile
61%
Brazil
60%
Dominican Republic
60%
Panama
60%
Cuba
59%
Venezuela
59%
Colombia
58%
Jamaica
58%
Bahamas
56%
Peru
56%
Haiti
55%
Uruguay
54%
Ecuador
51%
Costa Rica
49%
Trinidad and Tobago
49%
Bolivia
48%
Paraguay
46%
Belize
45%
Guatemala
44%
Nicaragua
44%
Guyana
42%
Honduras
42%
Suriname
41%
Barbados
40%
Antigua and Barbuda
37%
El Salvador
37%
Grenada
37%
Saint Kitts and Nevis
34%
Saint Vincent and the Grenadines
34%
Dominica
33%
Saint Lucia
32%
No matching quizzes found
Score Distribution
Percent of People with Each Score
Percentile by Number Answered
Your Score History
You have not taken this quiz